| 000 | 03359cam a2200469 a 4500 | ||
|---|---|---|---|
| 999 |
_c85788 _d323065 |
||
| 001 | 733916556 | ||
| 003 | OCoLC | ||
| 005 | 20240910135753.0 | ||
| 007 | ta | ||
| 008 | 110623s2013 paua b 001 0 eng | ||
| 010 | _a2011027051 | ||
| 015 |
_aGBB1C8878 _2bnb |
||
| 020 |
_a9781975102081 _q(pbk.) |
||
| 020 |
_a1609136950 _q(pbk.) |
||
| 035 |
_a(OCoLC)733916556 _z(OCoLC)759179523 _z(OCoLC)782205544 _z(OCoLC)817317476 _z(OCoLC)880307932 |
||
| 040 |
_aDNLM/DLC _beng _cDLC _dNLM _dYDXCP _dOKN _dCDX _dBWX _dBTCTA _dSHH _dVET _dUKMGB _dSGB _dOCLCF _dSDB _dOCLCQ _dMYUKM _dPHUST _dOCLCO _dOCLCQ _dOCLCA _dPBF _dOCLCA _dMNS _dOCLCQ _dXO2 _dOCLCQ _dOCLCO _dOCL _dOCLCO |
||
| 042 | _apcc | ||
| 050 | 0 | 0 |
_aRT50.5 _b.T483 2013 |
| 060 | 0 | 0 | _a2012 D-144 |
| 060 | 1 | 0 | _aWY 26.5 |
| 082 | 0 | 0 |
_a610.73 _223 _bS J I |
| 100 | 1 |
_aSewell, Jeanne P _952234 |
|
| 245 | 1 | 0 |
_aInformatics and nursing : _bopportunities and challenges / _cJeanne P. Sewell, Linda Q. Thede |
| 250 | _a6th ed | ||
| 260 |
_aPhiladelphia : _bWolters Kluwer Health/Lippincott Williams & Wilkins, _c℗♭2013 |
||
| 300 |
_axii, 458 pages : _billustrations ; _c23 cm |
||
| 500 | _aRevised edition of: Informatics and nursing / Linda Q. Thede, Jeanne P. Sewell. 3rd ed. c2010 | ||
| 504 | _aIncludes bibliographical references and index | ||
| 505 | 0 | _aIntroduction to nursing informatics : managing healthcare information -- Software : information management -- Understanding computer concepts : common features -- Computer networks -- Professional networking -- Word processing -- Presentation software : looking professional in the spotlight -- Spreadsheets : making numbers talk -- Databases : creating information from data -- The internet : a road to health evidence-based -- Practice information -- Finding knowledge in the digital library haystack -- Mobile computing : finding knowledge in the palm -- Of your hand -- The consumer and the electronic health record -- The empowered consumer -- Interoperability at the international and national level -- Nursing documentation : is it valuable? -- The informatics discipline -- Basic electronic healthcare information systems -- Specialized electronic healthcare information systems -- Electronic healthcare system issues -- Carrying healthcare to the client -- Educational informatics : e-learning -- Administration tools for efficiency -- Informatics and research -- Legal and ethical issues | |
| 520 | _aThis comprehensive text reviews the concepts and applications of nursing informatics. Starting with an introduction to nursing informatics, the contents proceed from Unit One which covers computer basics to Unit Five which examines skills and techniques for using the end product of informatics: data. Other units review the effects that the Internet is having on healthcare, the ins and outs of using personal productivity software, and informatics in the clinical area. - Publisher | ||
| 650 | 0 |
_aNursing informatics _9117116 |
|
| 650 | 0 |
_aNursing _xData processing _9117117 |
|
| 650 | 0 |
_aComputers _9117118 |
|
| 650 | 0 |
_aElectronic digital computers _975427 |
|
| 650 | 1 | 2 |
_aNursing Informatics _9117119 |
| 650 | 2 | 2 |
_aComputers _9117118 |
| 650 | 2 | 2 |
_aInternet _9117120 |
| 650 | 2 | 2 |
_aMedical Records Systems, Computerized _913791 |
| 700 | 1 |
_aThede, Linda Q _923024 |
|
| 700 | 1 |
_aThede, Linda Q. _tInformatics and nursing _952237 |
|
| 942 |
_2ddc _cBOOK |
||